| 000 | 00823nam a2200289Ia 4500 | ||
|---|---|---|---|
| 003 | OSt | ||
| 005 | 20221006144545.0 | ||
| 006 | a|||||r|||| 00| 0 | ||
| 007 | ta | ||
| 008 | 221006b |||||||| |||| 00| 0 eng d | ||
| 020 |
_aB0006D9KNO _c21.00 |
||
| 024 | _a11,960 | ||
| 037 | _cTextual | ||
| 040 |
_aEASL _cEASL _beng |
||
| 041 |
_2eng _aeng |
||
| 082 | _aV4.N1, F6 | ||
| 100 |
_aWhyte Alexander Frederick _9652247 |
||
| 245 | 0 | _aAsia in the twentieth century | |
| 260 |
_aNew York _bCharles Scribners _c1926 |
||
| 300 |
_a184p. _ccm. |
||
| 490 |
_v Gen _aBooks in the page-barbour foundation university of virginia |
||
| 650 | _a Gen | ||
| 650 |
_a Japan - Sea _9652248 |
||
| 650 | _aAsia - History | ||
| 942 |
_hV4.N1, F6 _cTEXL _2CC |
||
| 999 |
_c1080046 _d1080046 |
||